| 000 | 00630nam a22001697a 4500 | ||
|---|---|---|---|
| 003 | OSt | ||
| 005 | 20171010095446.0 | ||
| 008 | 120614t xxu||||| |||| 00| 0 eng d | ||
| 040 |
_aMMSU _cULS |
||
| 100 |
_aCumlat, Jojo G. _910348 |
||
| 245 |
_aDesign, constrcution and evaluation of a domestic size tomato seed extractor cum pulp and juice collector _cJojo G. Cumlat |
||
| 260 | _c2006 | ||
| 300 |
_axvi, 80 leaves _c28 cm. |
||
| 500 | _aThesis (BS Development Communication) -- Mariano Marcos State University-College of Agriculture and Forestry, Batac City | ||
| 504 | _aBibliography: 37-39 leaves | ||
| 942 |
_2ddc _cTHEDIS |
||
| 999 |
_c9567 _d9567 |
||